000 00729cab a2200253 4500
001 ABS54176
008 090401t1996 xxu||||| |||| 00| 0 eng d
035 _a(Sirsi) u8901
041 _aeng
100 _aSmallwood, D.
245 _aRents are in the lap of the gods
260 _c1996
350 _a0
490 _aHousing
_v31(10) December 1995/January 1996 17(1)
520 _aExamines the housing white paper proposal of rent control for social housing, from a private lenders point of view.
650 _aCOMMERCIAL LENDERS
650 _aHOUSING ASSOCIATIONS
650 _aHOUSING WHITE PAPER
650 _aRENT CONTROL
650 _aSOCIAL HOUSING
690 _aHOUSING
942 _n0
948 _c04/03/1997
999 _c5513
_d5513